00804cam a2200241 a 4500008004100000020002200041100002400063245010400087250001200191250002000203260004500223300004000268440004100308504004100349650004900390650002700439650002200466700002500488700002200513003000100535005001700536040000900553  a0132829916 (pbk.)1 aMoffett, Michael H.10aFundamentals of multinational finance /cMichael H. Moffett, Arthur I. Stonehill, David K. Eiteman. a4th ed. aIncludes index. aBoston :bPearson Prentice Hall,cc2012. axvii, 473 [46] p. :bill. ;c27 cm. aThe Prentice Hall series in finance. aIncludes bibliographical references. 0aInternational business enterprisesxFinance. 0aInternational finance. 0aForeign exchange.1 aStonehill, Arthur I.1 aEiteman, David K.20230120133842.0 cNUST